Capoluoghi più vicini a Bologna - Statistics

Statistiche generali
  • Questo quiz è stato fatto 60 volte
  • Il punteggio medio è 12 su 15
Statistiche sulle risposte
Distanza (km) Capoluogo % Corretto
37 Modena
98%
60 Reggio Emilia
96%
87 Parma
94%
69 Ravenna
90%
81 Firenze
88%
44 Ferrara
85%
63 Forlì
83%
86 Mantova
83%
73 Rovigo
77%
71 Pistoia
75%
108 Verona
75%
82 Cesena
73%
98 Lucca
71%
71 Prato
69%
109 Carrara
23%
Nessun quiz corrispondente trovato
Distribuzione punteggi
Percentuale di utenti per punteggio
Percentile per numero di risposta
I tuoi punteggi nel tempo
Non hai fatto questo quiz